Parentesco y economía en una sociedad nahua (Record no. 10630)

MARC details
000 -CABECERA
campo de control de longitud fija 00772nam a2200241 a 4500
001 - NÚMERO DE CONTROL
campo de control BRL_1822
005 - FECHA Y HORA DE LA ÚLTIMA TRANSACCIÓN
campo de control 20190320211401.0
008 - DATOS DE LONGITUD FIJA--INFORMACIÓN GENERAL
campo de control de longitud fija 060815s1973----mx-a######---#000-0#spa-#
041 ## - CÓDIGO DE LENGUA
Código de lengua del texto/banda sonora o título independiente spa
044 ## - CÓDIGO DEL PAÍS DE LA ENTIDAD EDITORA/PRODUCTORA
Código MARC del país mx
050 #4 - SIGNATURA TOPOGRÁFICA DE LA BIBLIOTECA DEL CONGRESO
Número de clasificación F1221.N3
Número de documento/Ítem .A75 1973
100 1# - ENTRADA PRINCIPAL--NOMBRE DE PERSONA
Nombre de persona Arizpe S., Lourdes
9 (RLIN) 25575
245 10 - MENCIÓN DE TÍTULO
Título Parentesco y economía en una sociedad nahua
Resto del título Nican Pehua Zacatipan
Mención de responsabilidad, etc. Lourdes Arizpe S.
260 ## - PUBLICACIÓN, DISTRIBUCIÓN, ETC.
Lugar de publicación, distribución, etc. México
Nombre del editor, distribuidor, etc. Instituto Nacional Indigenista, SEP
Fecha de publicación, distribución, etc. 1973
300 ## - DESCRIPCIÓN FÍSICA
Extensión 225 p.
Otras características físicas il.
Dimensiones 22 cm.
440 #0 - MENCIÓN DE SERIE/PUNTO DE ACCESO ADICIONAL--TÍTULO
Título Colección SEP-INI
Nombre de parte o sección de la obra Serie Antropología Social
Designación de volumen o secuencia no.22
9 (RLIN) 27973
500 ## - NOTA GENERAL
Nota general Au2060
504 ## - NOTA DE BIBLIOGRAFÍA, ETC.
Nota de bibliografía, etc. Bibliografía: p. 215-222
650 14 - PUNTO DE ACCESO ADICIONAL DE MATERIA--TÉRMINO DE MATERIA
Término de materia o nombre geográfico como elemento de entrada Nahuas
9 (RLIN) 27041
651 #4 - PUNTO DE ACCESO ADICIONAL DE MATERIA--NOMBRE GEOGRÁFICO
Nombre geográfico Zacatipan (Puebla, México)
Subdivisión general Condiciones económicas
9 (RLIN) 27974
902 ## - CATALOGADOR
Iniciales GRL
942 ## - ELEMENTOS DE PUNTO DE ACCESO ADICIONAL (KOHA)
Fuente del sistema de clasificación o colocación Library of Congress Classification
Tipo de ítem Koha Libros
Holdings
Estado de retiro Estado de pérdida Estado dañado No para préstamo Localización permanente Ubicación/localización actual Fecha de adquisición Número de inventario Total de préstamos Signatura topográfica completa Código de barras Fecha visto por última vez Precio válido a partir de Tipo de ítem Koha
El ejemplar forma parte de la colección y puede ser consultado según las políticas vigentes.       Biblioteca Centro de Estudios Ruth D. Lechuga Biblioteca Centro de Estudios Ruth D. Lechuga 06/08/2015 Au2060   F1221.N3 .A75 1973 (Au2060) GRL02000 22/03/2019 22/03/2019 Libros